| Tag |
First Indicator |
Second Indicator |
Subfields |
| LEADER |
00000cam a2200000 a 4500 |
| 001 |
in00001116821 |
| 005 |
20150930062251.0 |
| 008 |
831108s1983 waua b 001 0aeng |
| 010 |
|
|
|a 83023398
|
| 020 |
|
|
|a 0877703132 :
|c $12.00 (est.)
|
| 035 |
|
|
|a (OCoLC)10162739
|
| 035 |
|
|
|9 AFV4918AM
|
| 040 |
|
|
|a DLC
|c DLC
|d m/c
|d UtOrBLW
|
| 043 |
|
|
|a n-usp--
|
| 049 |
|
|
|a TXAM
|
| 050 |
0 |
0 |
|a F593
|b .H56 1983
|
| 082 |
0 |
|
|a 917.8/042
|2 19
|
| 100 |
1 |
|
|a Hinde, Edmund Cavileer,
|d 1830-1909.
|
| 245 |
1 |
0 |
|a Journal of Edmund Cavileer Hinde /
|c edited by Jerome Peltier.
|
| 264 |
|
1 |
|a Fairfield, Wash. :
|b Ye Galleon Press,
|c [1983]
|
| 300 |
|
|
|a 82 pages :
|b illustrations ;
|c 24 cm.
|
| 336 |
|
|
|a text
|b txt
|2 rdacontent
|
| 337 |
|
|
|a unmediated
|b n
|2 rdamedia
|
| 338 |
|
|
|a volume
|b nc
|2 rdacarrier
|
| 500 |
|
|
|a Includes bibliographical references and index.
|
| 500 |
|
|
|a Half title page: Overland to California - 1850.
|
| 500 |
|
|
|a Spine title: Edmund Cavileer Hinde.
|
| 650 |
|
0 |
|a Overland journeys to the Pacific.
|
| 600 |
1 |
0 |
|a Hinde, Edmund Cavileer,
|d 1830-1909.
|
| 651 |
|
0 |
|a West (U.S.)
|x Description and travel.
|
| 700 |
1 |
|
|a Peltier, Jerome.
|
| 740 |
0 |
|
|a Edmund Cavileer Hinde.
|
| 999 |
|
|
|a MARS
|
| 999 |
f |
f |
|s 321cf194-bce1-3b9e-856f-699852c040f2
|i a5d1d505-17ef-39dc-a622-ebf7667de1fe
|t 0
|
| 952 |
f |
f |
|p ric
|a Texas A&M University
|b Rellis Campus
|c Joint Library Facility
|d Remote Storage
|t 0
|e F593 .H56 1983
|h Library of Congress classification
|i unmediated -- volume
|m A14817256928
|
| 998 |
f |
f |
|a F593 .H56 1983
|t 0
|l Remote Storage
|